000 00780nac a22002657a 4500
001 BR8004656
003 BR-BrBNA
005 20240105114746.0
008 230509b bl.|||m| |||| 00| 0 por d
040 _aBR-BrBNA
_bpor
_cBiblioteca Nacional de Agricultura
072 _aK50
090 _a8915 BR8004656
110 1 _aInstituto Estadual de Florestas, Belo Horizonte, MG (Brasil)
_96336
245 1 _aMadeira tratada melhores lucros
260 3 _aBelo Horizonte, MG (Brasil):
_c1980.
300 _a23 p.
490 _aSerie Tecnica IEF (Brazil)
_vno. 1
_x
500 _a11 illus.
650 _aMADEIRA
650 _aSECAGEM NATURAL
650 _aPRESERVACAO DA MADEIRA
650 _aLUCRO
909 _a202312
_bLúcia Elande
_c55
_dLúcia Elande
942 _2AGRIS
_n0
_cMS
999 _c271147
_d271147